| 000 -ლიდერი |
| ფიქსირებული სიგრძის საკონტროლო ველი |
01553nam a22002297a 4500 |
| 003 - საკონტროლო ნომრის იდენტიფიკატორი |
| საკონტროლო ველი |
Ge_BSU |
| 005 - ბოლო ოპერაციის თარიღი და დრო |
| საკონტროლო ველი |
20230605113952.0 |
| 008 - ფიქსირებული სიგრძის მონაცემთა ელემენტები - ზოგადი ინფორმაცია |
| ფიქსირებული სიგრძის საკონტროლო ველი |
230605s2018ge xxu||||| |||| 00| 0 geo d |
| 020 ## - წიგნის საერთაშორისო სტანდარტული ნომერი |
| International Standard Book Number |
9788301203085 |
| 041 ## - ენის კოდი |
| Language code of text/sound track or separate title |
geo |
| 080 ## - უნივერსალური ათობითი კლასიფიკაციის ინდექსი |
| Universal Decimal Classification number |
769.2(479.22) ჯ-56 |
| 100 ## - მთავარი ჩანაწერი - პიროვნების სახელი |
| Personal name |
ჯიშკარიანი, ნინო, ავტორი, შემდგენელი. |
| 9 (RLIN) |
18468 |
| 245 ## - ცნობა სათაურის შესახებ |
| Title |
ქართული წიგნის ხელოვნება XX-XXI = Georgian Book Art XX-XXI : |
| Remainder of title |
[ალბომი] / |
| Statement of responsibility, etc |
ავტორი და შემდგენელი ნინო ჯიშკარიანი ; თარგმანი ნინო კაკიაშვილი ; რედაქტორი ნინო სვანიძე ; ფოტო: ანი გაბიძაშვილი [და სხვ.] ; დიზაინი სანდრო ჩხაიძე. |
| 264 ## - წარმოების, გამოცემის, დისტრიბუციის და სხვა ცნობები |
| გამოცემის, წარმოების, დისტრიბუციის... ადგილი |
Warszawa : |
| გამოცემის, წარმოების, დისტრიბუციის... სახელწოდება |
PWN, |
| გამოცემის, წარმოების, დისტრიბუციის... თარიღი |
2018. |
| 300 ## - ფიზიკური აღწერა |
| Extent |
220 გვ. : |
| Other physical details |
ილ., პორტრ. ; |
| Dimensions |
29 სმ. |
| 546 ## - LANGUAGE NOTE |
| Language note |
ყდა, თავფურცელი და ტექსტი ქართ. და ინგლ. ენებზე. |
| 653 ## - INDEX TERM--UNCONTROLLED |
| Uncontrolled term |
ქართული წიგნის ილუსტრაციები. |
| 700 ## - ADDED ENTRY--PERSONAL NAME |
| Personal name |
კაკიაშვილი, ნონო |
| Relator term |
მთარგმნელი |
| 9 (RLIN) |
18469 |
| 700 ## - ADDED ENTRY--PERSONAL NAME |
| Personal name |
სვანიძე, ნინო |
| Relator term |
რედაქტორი |
| 9 (RLIN) |
13337 |
| 700 ## - ADDED ENTRY--PERSONAL NAME |
| Personal name |
გაბიძაშვილი, ანი |
| Relator term |
ფოტო და სხვ |
| 9 (RLIN) |
18470 |
| 942 ## - ADDED ENTRY ELEMENTS (KOHA) |
| Source of classification or shelving scheme |
|
| Koha item type |
წიგნი |